logo

Bir Sreshtho Munshi Abdur Rouf Library
Jhenaidah Cadet College

হজ পালনের শ্রেষ্ঠ উপায় / (Record no. 10601)

MARC details
000 -LEADER
fixed length control field 01023nam a2200253 a 4500
001 - CONTROL NUMBER
JCCL Control Number 10601
003 - CONTROL NUMBER IDENTIFIER
JCCL marc code BD-JhCC
005 - DATE AND TIME OF LATEST TRANSACTION
control field 20180728100752.0
008 - FIXED-LENGTH DATA ELEMENTS--GENERAL INFORMATION
fixed length control field 180728s2016 bg a|||| |||| 000 0 mul d
020 ## - INTERNATIONAL STANDARD BOOK NUMBER
International Standard Book Number 9789845062169
035 ## - SYSTEM CONTROL NUMBER
system control number (BD-JhCC)10601
040 ## - CATALOGING SOURCE
Original cataloging agency BD-JhCC
Modifying agency BD-JhCC
041 ## - LANGUAGE CODE
Language code of Book Benagla and Arabic
082 ## - DEWEY DECIMAL CLASSIFICATION NUMBER
Classification number 297.54
Author mark and Year DEV 2016
100 ## - MAIN ENTRY--PERSONAL NAME
Personal name ডেভিডস, আবু মুনীর ইসমাইল
245 ## - TITLE STATEMENT
Title হজ পালনের শ্রেষ্ঠ উপায় /
Statement of responsibility, etc আবু মুনীর ইসমাইল ডেভিডস, রিয়াজ উদ্দীন (অনু.)
260 ## - PUBLICATION, DISTRIBUTION, ETC. (IMPRINT)
Place of publication, distribution, etc ঢাকা :
Name of publisher, distributor, etc ইউনিভার্সিটি প্রেস লিমিটেড,
Date of publication, distribution, etc ২০১৬.
300 ## - PHYSICAL DESCRIPTION
Pagination ৩৭৪ পৃ. :
Other physical details চিত্রাবলী সংযোজিত;
Dimensions ২১ সেমি.
504 ## - BIBLIOGRAPHY, ETC. NOTE
Bibliography, etc Includes Bibliography
650 ## - SUBJECT ADDED ENTRY--TOPICAL TERM
Topical term or geographic name as entry element Pillar of Islam
650 ## - SUBJECT ADDED ENTRY--TOPICAL TERM
Topical term or geographic name as entry element Hajj
700 ## - ADDED ENTRY--PERSONAL NAME
Personal name উদ্দীন, রিয়াজ
942 ## - ADDED ENTRY ELEMENTS (KOHA)
Source of classification or shelving scheme Dewey Decimal Classification
Koha item type Books
Holdings
Source of classification or shelving scheme Damaged status Not for loan Home library Current library Shelving location Date of accession Cost, normal purchase price Total Checkouts Full call number Barcode Date last seen Copy number Koha item type
Dewey Decimal Classification     JCC Rouf Library JCC Rouf Library General Stacks 07/28/2018 490.00   297.54 DEV 2016 14168 07/28/2018 C-1 Books

JCC Library | Contacts | JCC Home

Last Update on 23 September 2017
Copyright @ 2017-2020 JCC Rouf Library
Rouf Library, Jhenidah Cadet College (JCC), Bangladesh